ბათუმის შოთა რუსთაველის სახელმწიფო უნივერსიტეტის ბიბლიოთეკა

საქართველოს დამფუძნებელი კრება : სხდომის ოქმები : 7 ტომად. (ბიბ.ჩანაწერი № 57141)

000 -ლიდერი
ფიქსირებული სიგრძის საკონტროლო ველი 02117nam a22002777a 4500
003 - საკონტროლო ნომრის იდენტიფიკატორი
საკონტროლო ველი Ge_BSU
005 - ბოლო ოპერაციის თარიღი და დრო
საკონტროლო ველი 20191129113654.0
008 - ფიქსირებული სიგრძის მონაცემთა ელემენტები - ზოგადი ინფორმაცია
ფიქსირებული სიგრძის საკონტროლო ველი 191129s2019 ge ||||| |||| 00| 0 geo d
020 ## - წიგნის საერთაშორისო სტანდარტული ნომერი
International Standard Book Number 9789941965289 (ყველა ტომის)
020 ## - წიგნის საერთაშორისო სტანდარტული ნომერი
International Standard Book Number 9789941962059 (ტომი 1)
041 ## - ენის კოდი
Language code of text/sound track or separate title geo
080 ## - უნივერსალური ათობითი კლასიფიკაციის ინდექსი
Universal Decimal Classification number 94(479.22)"1919.03"+328(479.22) ს-32
245 ## - ცნობა სათაურის შესახებ
Title საქართველოს დამფუძნებელი კრება : სხდომის ოქმები : 7 ტომად.
Remainder of title ტ. 1, 1919 წლის 12 მარტი - 27 მაისი /
Statement of responsibility, etc ტომის სარედ.საბჭ. ირაკლი იაკობაშვილი ; მზია ხოსიტაშვილი ; ემზარ ჯგერენაია .
264 ## - წარმოების, გამოცემის, დისტრიბუციის და სხვა ცნობები
გამოცემის, წარმოების, დისტრიბუციის... ადგილი თბილისი :
გამოცემის, წარმოების, დისტრიბუციის... სახელწოდება საქ. პარლამენტის ეროვნული ბიბკა,
გამოცემის, წარმოების, დისტრიბუციის... თარიღი 2019.
300 ## - ფიზიკური აღწერა
Extent 613 გვ. ;
Dimensions 25 სმ.
500 ## - ზოგადი შენიშვნა
General note ეძღვნება საქართველოს დემოკრატიული რესპუბლიკის დამფუძნებელი კრების 100 წლისთავს.
501 ## - შენიშვნა თანმხლებ მასალაზე
With note პირთა საძიებელი: გვ. 559-606. ადგილთა საძიებელი: გვ. 607-611
504 ## - BIBLIOGRAPHY, ETC. NOTE
Bibliography, etc იბლიოგრაფია: გვ. 613.
653 ## - INDEX TERM--UNCONTROLLED
Uncontrolled term 1918-1921 წლები -- საქართველოს დემოკრატიული რესპუბლიკა.
653 ## - INDEX TERM--UNCONTROLLED
Uncontrolled term საქართველოს დამფუძნებელი კრება.
653 ## - INDEX TERM--UNCONTROLLED
Uncontrolled term საქართველოს მთავრობა.
700 ## - ADDED ENTRY--PERSONAL NAME
Personal name იაკობაშვილი, ირაკლი
Relator term სარედაქციო საბჭო
9 (RLIN) 5611
700 ## - ADDED ENTRY--PERSONAL NAME
Personal name ხოსიტაშვილი, მზია
Relator term სარედაქციო საბჭო
9 (RLIN) 5612
700 ## - ADDED ENTRY--PERSONAL NAME
Personal name ჯგერენაია, ემზარ
Relator term სარედაქციო საბჭო
9 (RLIN) 5613
942 ## - ADDED ENTRY ELEMENTS (KOHA)
Source of classification or shelving scheme
Koha item type წიგნი
ეგზემპლარები
ჩამოწერის სტატუსი დაკარგული ეგზემპლარის სტატუსი კლასიფიკაციის წყარო ან თაროზე გაწყობის სქემა დაზიანების სტატუსი არ გაიცემა მუდმივი მდებარეობა (დაცვის ადგილი) ამჟამინდელი ადგილსამყოფელი თაროზე განთავსების ადგილი შეძენის თარიღი ღირებულება, შესყიდვის ნორმალური ფასი სრული შენახვის შიფრი შტრიხკოდი ბოლო ოპერაციის თარიღი ეგზემპლარის მიმდევრობითი ნომერი (კეტერი?) ფასის ძალაში შესვლის თარიღი ეგზემპლარის სახეობა საჯარო შენიშვნა Uniform Resource Identifier
          ბათუმის შოთა რუსთაველის სახელმწიფო უნივერსიტეტის მთავარი ბიბლიოთეკა ბათუმის შოთა რუსთაველის სახელმწიფო უნივერსიტეტის მთავარი ბიბლიოთეკა წიგნსაცავი 2019-11-29 10.00 94(479.22)""1919.03"+328(479.22) ს-32 60250 2019-11-29 60250 2019-11-29 წიგნი 10.00  
          ბათუმის შოთა რუსთაველის სახელმწიფო უნივერსიტეტის მთავარი ბიბლიოთეკა ბათუმის შოთა რუსთაველის სახელმწიფო უნივერსიტეტის მთავარი ბიბლიოთეკა წიგნსაცავი 2025-12-10 15.00 94(479.22) +328(479.22) ს-32 73248 2025-12-10 73248 2025-12-10 წიგნი 15 ლ. საჩუქარი საქართველოს ეროვნული ბიბლიოთეკისან